000 01394nam a2200253Ia 4500
003 Ost
005 20260507075044.0
008 260507s9999||||xx |||||||||||||| ||und||
040 _cfsecg
041 _aara
082 _a350
100 _aجراد، خليل إبراهيم
_eمؤلف
245 0 _aكيف تصبح إنسانا وقياديا ناجحا وتكسب الثروة والأصدقاء والصحة؟ /
_c خليل إبراهيم جراد
250 _aطبعة 2
260 _aعمان:
_bمركز الكتاب الأكاديمي للنشر,
_c2001
300 _a90 صفحة؛
_bإيضاحات ؛
_c24 سم
504 _aببلوغرافيا ص.90
520 _aالانسان منذ طفولته حتى بلوغه والمراحل التي يمر بها، الإنسان الناجح والنموذج القيادي، المحافظة على الصحة وتحديد الأهداف، التخطيط السليم والدقة في الأداء،الصراحة والوضوح، الصدق والأمانة مع النفس، كيف تتعامل مع المجتمع ومع الناس، استغلال الوقت جيدا، الإيمان بالقناعة والقدر، القدرة على تحمل المسؤوليات
653 _aالادارة العامة
653 _aالتخطيط
653 _aالقيادة
653 _aالمهارات
942 _cكتاب
999 _c42547
_d42547